Forme di Paesi Random - Statistics

Statistiche generali
  • Questo quiz è stato fatto 3.700 volte
  • Il punteggio medio è 12 su 20
Statistiche sulle risposte
con Immagini Risposta % Corretto
Norvegia
99%
Russia
99%
India
98%
Stati Uniti d'America
97%
Somalia
95%
Brasile
94%
Cile
94%
Cipro
94%
Giappone
94%
Grecia
94%
Italia
94%
Croazia
93%
Turchia
93%
Austria
92%
Francia
92%
Marocco
91%
Regno Unito
91%
Canada
90%
Cina
90%
Egitto
90%
Germania
90%
Irlanda
90%
Islanda
90%
Vietnam
90%
Australia
89%
Messico
89%
Portogallo
89%
Indonesia
88%
Madagascar
86%
Nuova Zelanda
86%
Sri Lanka
86%
Sudafrica
86%
Filippine
85%
Spagna
84%
Argentina
83%
Bosnia-Erzegovina
83%
Cuba
83%
Israele
83%
Thailandia
83%
Namibia
82%
Svezia
82%
Gambia
81%
Finlandia
80%
Arabia Saudita
79%
Libia
79%
Oman
79%
Romania
79%
Laos
78%
Monaco
78%
Papua Nuova Guinea
78%
Danimarca
77%
Rep. Dem. del Congo
77%
Ucraina
77%
Etiopia
76%
Nepal
76%
Paesi Bassi
76%
Malesia
75%
Pakistan
75%
Senegal
75%
Città del Vaticano
74%
Kazakistan
74%
Peru
74%
Polonia
74%
Serbia
74%
Algeria
73%
Benin
73%
Corea del Sud
73%
Ciad
72%
Iran
72%
Mali
72%
Moldavia
72%
Svizzera
72%
Bangladesh
71%
Mauritania
71%
Mongolia
71%
Myanmar
71%
Panama
71%
Albania
70%
Mozambico
70%
Bulgaria
69%
Kosovo
69%
Angola
68%
Emirati Arabi Uniti
68%
Lettonia
68%
Zambia
68%
Siria
67%
Slovacchia
67%
Camerun
66%
Giordania
66%
Macedonia del Nord
66%
Repubblica Ceca
66%
Sudan
66%
Tunisia
66%
Yemen
66%
Azerbaijan
64%
Colombia
64%
Georgia
64%
Nicaragua
64%
S.F. Micronesia
63%
Eritrea
62%
Haiti
62%
Maldive
62%
Malta
62%
Taiwan
62%
Corea del Nord
61%
Uzbekistan
61%
Bielorussia
60%
Costa d'Avorio
60%
Lussemburgo
60%
Tagikistan
60%
Timor Est
60%
Trinidad e Tobago
60%
Ungheria
60%
Costa Rica
59%
Paraguay
59%
Ecuador
58%
Estonia
58%
Guinea Equatoriale
58%
Belgio
57%
Ghana
57%
Iraq
57%
Kuwait
57%
Venezuela
57%
Malawi
56%
Turkmenistan
56%
Nauru
55%
Burkina Faso
54%
Repubblica Centrafricana
54%
Antigua e Barbuda
53%
Brunei
53%
Lituania
53%
Montenegro
53%
Slovenia
53%
Armenia
52%
Isole Salomone
52%
Niger
52%
Afghanistan
51%
Bahamas
51%
Belize
51%
Togo
51%
Isole Marshall
50%
Kirghizistan
50%
Guyana
49%
Rep. del Congo
48%
Bolivia
47%
Tuvalu
47%
Liechtenstein
46%
Suriname
46%
Tanzania
46%
Giamaica
45%
Sao Tome e Principe
45%
Sud Sudan
45%
Botswana
44%
Nigeria
44%
Qatar
44%
Saint Kitts e Nevis
44%
Liberia
43%
Vanuatu
43%
Zimbabwe
43%
Comore
42%
Barbados
41%
Cambogia
41%
El Salvador
41%
Honduras
41%
Guatemala
40%
Guinea
40%
Kiribati
40%
Libano
40%
Singapore
40%
Uganda
40%
Dominica
39%
Figi
39%
Gibuti
39%
Samoa
39%
Capo Verde
38%
Gabon
38%
Guinea-Bissau
38%
Bahrain
37%
Burundi
37%
Palau
37%
Uruguay
37%
Lesotho
36%
Mauritius
36%
San Marino
36%
Bhutan
35%
Saint Lucia
34%
Andorra
33%
Seychelles
33%
Sierra Leone
33%
Kenya
32%
Grenada
31%
Repubblica Dominicana
30%
Eswatini
25%
Ruanda
25%
Tonga
25%
St. Vincent e Grenadines
19%
Nessun quiz corrispondente trovato
Distribuzione punteggi
Percentuale di utenti per punteggio
Percentile per numero di risposta
I tuoi punteggi nel tempo
Non hai fatto questo quiz